000 02984nam0a2200397 4500
001 RU\NLR\BIBL_A\012121263
005 20191119113054.0
010 _a978-5-7148-0670-4
_9140
021 _aRU
_bКН-П-19-072151
_9КН-П-19-5205
035 _a(NLR Aleph) 012121263
035 _a(RuMoRGB)010103806
090 _a11994075
_c11994075
100 _a20191016d2019 k y0rusy50 ca
101 0 _arus
_deng
_ieng
102 _aRU
105 _aa|||z|||100zy
200 1 _aРазвитие профессионализма педагогических и руководящих работников в условиях стандартизации образования
_eматериалы региональной научно-практической конференции, г. Кемерово, 09-31 января 2019 года
_fДепартамент образования и науки Кемеровской области, Кузбасский региональный институт повышения квалификации и переподготовки работников образования
_g[редакционная коллегия: А. В. Чепкасов, кандидат филологических наук, доцент и др.]
210 _aКемерово
_cИзд-во КРИПКиПРО
_d2019
215 _a206 с.
_cил., табл.
_d20
300 _aРез. англ.
320 _aБиблиогр. в конце ст.
606 1 _aПедагогические кадры
_jСъезды, совещания и т.п
_xПрофессионализм
_92117235
_3RU\NLR\AUTH\661582477
610 0 _aпрофессионализм педагога
610 0 _aпрофессиональная компетентность педагога
610 0 _aпедагогическая компетентность
686 1 _aЧ314.21я431
702 1 _aЧепкасов
_bА. В.
_f1971-
_gАртур Владимирович
_4340
711 1 2 _a"Развитие профессионализма педагогических и руководящих работников в условиях стандартизации образования", региональная научно-практическая конференция
_eКемерово
_f2019
_9683066
_3RU\NLR\AUTH\880511254
712 0 2 _4475
_aКузбасский региональный институт повышения квалификации и переподготовки работников образования
_cКемерово
_9598376
_3RU\NLR\AUTH\8810049173
942 _cBOOK
980 _aNBR
980 _aNB